| 000 | 01347nam0a2200289 4500 | ||
|---|---|---|---|
| 001 | RU\NLR\bibl\459471 | ||
| 005 | 20260407125530.0 | ||
| 021 |
_aRU _b2003-49108 _92366 |
||
| 021 |
_aRU _b2003-56129 _92730 |
||
| 035 | _a(NLR Aleph) 000452962 | ||
| 090 |
_a885659 _c885659 |
||
| 100 | _a20031114d2003 |||y0rusy50 ca | ||
| 101 | 0 | _arus | |
| 102 | _aRU | ||
| 105 | _ay ||||||||| | ||
| 200 | 1 |
_aЛДПР. Современная политика _e[Отр. из выступ. лидера ЛДПР В. Жириновского в Гос. Думе первого и второго созывов (1994-1999)] _fЛибер.-демокр. партия России |
|
| 210 |
_aМ. _cЛДПР _d2003 |
||
| 215 |
_a39,[1] с. _d20 |
||
| 600 | 1 |
_aЖириновский _bВ.В. _f1946 - 2022 _gВладимир Вольфович _jРечи, выступления и т.п. _92093287 _3RU\NLR\auth\661266789 |
|
| 686 | _aФ69(2)274.43 | ||
| 700 | 1 |
_4070 _8rus _7ca _aЖириновский _bВ. В. _cполит. деятель _f1946-2022 _gВладимир Вольфович _3RU\NLR\AUTH\772076 _9112093 |
|
| 712 | 0 | 2 |
_4570 _aЛиберально-демократическая партия России _3RU\NLR\AUTH\889969677 _9435625 |
| 801 | 0 |
_aRU _bNLR _c20031114 _gPSBO |
|
| 801 | 1 |
_aRU _bNLR _c20031114 |
|
| 942 | _cBOOK | ||
| 980 | _aNB | ||